[Event "Donau op"]
[Site "Aschach"]
[Date "1995.??.??"]
[Round "6"]
[White "Haller, Christoph"]
[Black "Zoister, Stefan"]
[Result "1-0"]
[WhiteElo "2200"]
[BlackElo "2035"]

1.d4 Nf6 2.Bg5 d5 3.Bxf6 gxf6 4.e3 c5 5.dxc5 e6 6.c4 dxc4 7.Qa4+ Bd7 8.Qxc4 Qc7
9.Qh4 f5 10.Nd2 Qxc5 11.Ngf3 Bg7 12.Rb1 Bc6 13.Be2 Nd7 14.O-O Bf6 15.Qg3 Ke7
16.Rfc1 Qd6 17.b4 Nb6 18.Nc4 Nxc4 19.Rxc4 Bd5 20.Rc7+  1-0

[Event "AUT-chT2S 9495"]
[Site "?"]
[Date "1995.??.??"]
[Round "2"]
[White "Riedner, Martin"]
[Black "Wilfling, Hermann"]
[Result "1/2-1/2"]
[WhiteElo "2115"]
[BlackElo "2130"]

1.d4 Nf6 2.Bg5 g6 3.Bxf6 exf6 4.g3 Bg7 5.h4 h5 6.e3 Nc6 7.Bg2 d5 8.Ne2 Ne7
9.c3 c6 10.Nd2 Bg4 11.Nf3 Bh6 12.Qb3 a5 13.Nf4 Qc7 14.c4 a4 15.Qc3 Bxf4 16.exf4 dxc4
17.Qxc4 O-O 18.O-O Rfd8 19.Rfe1 Nf5 20.d5 Rxd5 21.Nh2 Rd4 22.Qc5 Qd6 23.Qxd6 Nxd6
24.Nxg4 hxg4 25.Rad1 Nf5 26.Rxd4 Nxd4 27.Re7 Rb8 28.Rd7 Ne6 29.Bf1 Nc5 30.Rd4 Kf8
31.Bg2 f5 32.Rc4 Nd3 33.Rxa4 Nxb2 34.Rb4 Nd3 35.Rb6 Ra8 36.Rxb7 Rxa2 37.Bxc6 Ra1+
38.Kg2 Ne1+ 39.Kh2 Rd1 40.Rb3 Nd3 41.f3 Rd2+ 42.Kg1 gxf3 43.Bxf3 Nc5 44.Re3 Ne6
45.h5 Nd4 46.hxg6 fxg6 47.Bg2 Kg7  1/2-1/2

[Event "AUT-chT2S 9495"]
[Site "?"]
[Date "1995.??.??"]
[Round "3"]
[White "Riedner, Martin"]
[Black "Klocker, Hartmut"]
[Result "1/2-1/2"]
[WhiteElo "2115"]
[BlackElo "2185"]

1.d4 Nf6 2.Bg5 c5 3.Bxf6 gxf6 4.d5 Qb6 5.Qc1 f5 6.g3 Bg7 7.c3 Qh6 8.Qxh6 Bxh6
9.e3 b6 10.Na3 Bb7 11.Bg2 d6 12.Rd1 Nd7 13.Nf3 Nf6 14.Nh4 Bc8 15.Nc4 Bd7
16.O-O Kd8 17.Rfe1 Bg7 18.Bh3 Ng4 19.f3 Nh6 20.e4 fxe4 21.Bxd7 Kxd7 22.Rxe4 Bf6
23.Ne3 Rhg8 24.Nhg2 Rae8 25.Nf4 Rg5  1/2-1/2

[Event "AUT-chT2S 9495"]
[Site "?"]
[Date "1995.??.??"]
[Round "7"]
[White "Schieder, Andreas"]
[Black "Krebs, Johann"]
[Result "0-1"]
[WhiteElo "2125"]
[BlackElo "2120"]

1.d4 Nf6 2.Bg5 c5 3.Bxf6 gxf6 4.dxc5 Na6 5.e4 Nxc5 6.Nc3 h5 7.Nge2 d6 8.Nd4 a6
9.a4 Qa5 10.Bd3 Bg4 11.f3 Bd7 12.O-O Bh6 13.Nd5 Qd8 14.Nf5 Bxf5 15.exf5 e6
16.Re1 Kf8 17.fxe6 fxe6 18.Ne3 Bxe3+ 19.Rxe3 Qb6 20.Qc1 Rc8 21.Kh1 Nb3 22.Qe1 Nxa1
23.Rxe6 Qd4 24.c3 Qf4 25.Re4 Qg5 26.h4 Qg7 27.Qxa1 Re8 28.Rd4 Qg3 29.Re4 Rg8
30.Qf1 Kg7 31.Qe2 Re5  0-1

[Event "AUT-chT2S 9495"]
[Site "?"]
[Date "1995.??.??"]
[Round "8"]
[White "Schieder, Andreas"]
[Black "Weiss, Leo"]
[Result "0-1"]
[WhiteElo "2125"]
[BlackElo "2245"]

1.d4 d5 2.Bg5 Nf6 3.Nd2 c5 4.e3 cxd4 5.exd4 Qb6 6.Ngf3 Bf5 7.Bd3 Bxd3 8.cxd3 Nc6
9.Nb3 e6 10.O-O Be7 11.Rc1 Nd7 12.Qd2 Bd6 13.Be3 O-O 14.Ng5 Qc7 15.f4 Rae8
16.Qe2 f6 17.Nxh7 Kxh7 18.Qh5+ Kg8 19.g4 Re7 20.g5 g6 21.Qxg6+ Rg7 22.Qh5 Rff7
23.g6 Nf8 24.Kh1 Nxg6 25.f5 exf5 26.Bh6 Bxh2 27.Bxg7 Rxg7 28.Qe2 Nf8 29.Rc2 Rh7
30.Qf3 Qd6 31.Rg2+ Kh8 32.Nc5 Be5+ 33.Kg1 Bxd4+ 34.Rff2  0-1

[Event "AUT-chT9495"]
[Site "?"]
[Date "1995.??.??"]
[Round "?"]
[White "Moser, Guenter"]
[Black "Petschar, Kurt"]
[Result "1-0"]
[WhiteElo "2310"]
[BlackElo "2275"]

1.d4 Nf6 2.Bg5 c5 3.Bxf6 gxf6 4.d5 Qb6 5.Qc1 f5 6.c3 e6 7.g3 h5 8.Nf3 d6
9.Qc2 Nd7 10.Nbd2 Nf6 11.dxe6 fxe6 12.O-O-O d5 13.h3 Qc7 14.e3 Bd7 15.Ng5 Rg8
16.f4 O-O-O 17.Ndf3 Qa5 18.Kb1 Ba4 19.b3 Bd7 20.Rc1 Qb6 21.Rh2 Kb8 22.Ne5 c4
23.Re2 Ba3 24.Nxd7+ Rxd7 25.Rce1 Rc7 26.b4 a5 27.b5 Qxb5+ 28.Ka1 Qc6 29.Bg2 Ka7
30.Rb1 Re7 31.Qd1 b5 32.Qd4+ Bc5 33.Qxf6 b4 34.g4 hxg4 35.hxg4 Rb8 36.gxf5 Reb7
37.Reb2 a4 38.Qxe6 Qb5 39.Rxb4 Bxb4 40.Rxb4 Qxb4 41.cxb4 Rxb4 42.Qd7+ Ka6
43.Qc6+ Ka7 44.Qc5+ Ka6 45.Qxb4 Rxb4 46.a3  1-0

[Event "AUT-chT9495"]
[Site "?"]
[Date "1995.??.??"]
[Round "?"]
[White "Turian, Hans"]
[Black "Sinowjew, Juri"]
[Result "0-1"]
[WhiteElo "2235"]
[BlackElo "2325"]

1.d4 Nf6 2.Bg5 c5 3.Bxf6 gxf6 4.d5 Qb6 5.Qc1 Bh6 6.e3 f5 7.g3 e5 8.Nd2 Qg6
9.Ngf3 d6 10.Nh4 Qf6 11.Bh3 O-O 12.c3 Bg5 13.Nhf3 Bh6 14.Qc2 b5 15.O-O e4
16.Ne1 Qe5 17.Qb3 Ba6 18.Ng2 c4 19.Qa3 Qxd5 20.Rfd1 Qe5 21.Nf1 Rd8 22.Nf4 Bb7
23.Qa5 Nc6 24.Qc7 Rab8 25.Rd5 Qe7 26.Qxe7 Nxe7 27.Rxb5 Bc6 28.Ra5 Rd7 29.Nd2 d5
30.b3 Bg7 31.Rc1 Rb5 32.Rxb5 Bxb5 33.a4 Ba6 34.b4 Rc7 35.Ne2 Bc8 36.Nd4 Bxd4
37.exd4 Ng6 38.Nf1 f4 39.Bxc8 Rxc8 40.Kg2 f5 41.Rb1 Kf7 42.b5 Rb8 43.a5 Ke6
44.Rb4 h5 45.Nd2 h4 46.Nb1 f3+ 47.Kf1 hxg3 48.hxg3 f4 49.Na3 Rh8 50.Kg1 fxg3
51.fxg3 e3 52.Nc2 f2+ 53.Kg2 Rh2+ 54.Kxh2 f1=Q 55.Nxe3 Qf2+ 56.Ng2 Qa2 57.b6 axb6
58.axb6 Nf8 59.b7 Nd7 60.Rb6+ Kf5 61.Rd6 Nb8 62.Kh3 Qb1 63.g4+ Ke4 64.Re6+ Kd3
65.Re3+ Kd2 66.g5 Qxb7 67.g6 Qg7 68.Rg3 Nc6 69.Nh4 Ne7 70.Kg2 Qh6 71.Nf3+ Kxc3
72.g7 Ng8  0-1

[Event "AUT-chT9495"]
[Site "?"]
[Date "1995.??.??"]
[Round "?"]
[White "Loebler, Heimo"]
[Black "Schumi, Manfred"]
[Result "0-1"]
[WhiteElo "2245"]
[BlackElo "2230"]

1.d4 Nf6 2.Bg5 d5 3.Bxf6 exf6 4.e3 Bd6 5.c4 dxc4 6.Bxc4 O-O 7.Nc3 Nd7 8.Nge2 f5
9.Qc2 Nf6 10.Bd3 g6 11.O-O-O c6 12.h3 Re8 13.g4 fxg4 14.e4 Nh5 15.hxg4 Bxg4
16.e5 Be7 17.Rdg1 Qd7 18.f3 Bxf3 19.Bf5 Qd8 20.e6 Bg5+ 21.Kb1 Bxh1 22.Rxh1 Qf6
23.exf7+ Qxf7 24.Bg4 Nf6 25.Rf1 Qe7 26.Bf3 Rad8 27.Qb3+ Kh8 28.Ka1 Rf8 29.Rh1 Qe3
30.Bg2 Rd7 31.Qc2 Kg7 32.a3 Re7 33.Rf1 Qd2 34.Qb3 Rxe2 35.Nxe2 Qxe2 36.Qxb7+ Rf7
37.Qxc6 Re7 38.Rh1 Qe6 39.Qc3 Nd5 40.Qf3 Qf5 41.Rf1 Nf4 42.d5 Re2 43.Qc3+ Qe5  0-1

[Event "AUT-chT9495"]
[Site "?"]
[Date "1995.??.??"]
[Round "?"]
[White "Casagrande, Harald"]
[Black "Brestian, Egon"]
[Result "1/2-1/2"]
[WhiteElo "2385"]
[BlackElo "2440"]

1.d4 Nf6 2.Bg5 d5 3.Nf3 c6 4.c4 Bf5 5.Qb3 Qb6 6.Qxb6 axb6 7.Bxf6 exf6 8.Nc3 dxc4
9.e4 Be6 10.d5 Bg4 11.Bxc4 Bxf3 12.gxf3 b5 13.Bb3 Nd7 14.O-O b4 15.dxc6 bxc6
16.Na4 Bd6 17.Rfd1 Ke7 18.Rd2 Rhd8 19.Rad1 Ne5 20.Kg2 Ng6 21.Nb6 Rab8 22.Nc4 Bc7
23.Ne3 Nh4+ 24.Kh3 Rxd2 25.Rxd2 g5 26.Rc2 Bf4 27.Rxc6 Bxe3 28.fxe3 Nxf3 29.Rc7+ Ke8
30.Rxf7 Rb6 31.Rxh7 Nd2 32.Bd5 Nf1 33.Rb7 Rxb7 34.Bxb7 Nxe3 35.a3 Nd1 36.axb4 Nxb2
37.Kg4 Ke7 38.Bd5 Na4 39.Kf5 Nb6 40.Bb3 Nd7 41.Bd5 Nb6 42.Be6 Na8 43.e5 fxe5
44.Kxe5 Nc7 45.Bf5 Nb5 46.Kd5 Nc3+ 47.Ke5 Nb5 48.h3 Nc3 49.Bd3 Na2 50.b5 Nc3
51.b6 Na4 52.b7 Nc5 53.b8=Q Nd7+ 54.Kf5 Nxb8 55.Kxg5  1/2-1/2

[Event "AUT-chT9495"]
[Site "?"]
[Date "1995.??.??"]
[Round "?"]
[White "Casagrande, Harald"]
[Black "Wittmann, Walter"]
[Result "1-0"]
[WhiteElo "2395"]
[BlackElo "2390"]

1.d4 Nf6 2.Bg5 c5 3.Bxf6 gxf6 4.d5 Qb6 5.Qc1 Bh6 6.e3 d6 7.Ne2 Nd7 8.Nd2 f5
9.a4 Nf6 10.Nc3 a6 11.Be2 Qc7 12.a5 f4 13.e4 Rg8 14.Bf3 Nd7 15.Nc4 b5 16.axb6 Nxb6
17.Nxb6 Qxb6 18.O-O Rb8 19.Re1 Bh3 20.Qd1 Bc8 21.Qd2 Qc7 22.b3 Rg6 23.Ra4 Rb4
24.Rxb4 cxb4 25.Ne2 a5 26.Qd3 Bg7 27.Nxf4 Rh6 28.Ne2 Be5 29.g3 Qb6 30.Bg2 Rf6
31.Qe3 Qc7 32.f4 Bb2 33.Nd4 Qc5 34.Nc6 Qxe3+ 35.Rxe3 Bd7 36.Re2 Bxc6 37.dxc6 Bd4+
38.Kh1 Kd8 39.e5 Rg6 40.Rd2 Bc5 41.Be4 Rg7 42.exd6 exd6 43.Rd5 Kc7 44.Rh5 f6
45.Kg2 Re7 46.Kf3 Kb6 47.Rxh7 Rxh7 48.Bxh7 Kxc6 49.g4 Kd7 50.h4 Ke7 51.g5 Kf7
52.Be4 Bd4 53.h5 Bb2 54.h6 fxg5 55.fxg5 Bc1 56.g6+  1-0

[Event "AUT-chT2S 9596"]
[Site "AUT"]
[Date "1995.??.??"]
[Round "?"]
[White "Insam, Heinz"]
[Black "Kotz, Heinz Peter"]
[Result "1/2-1/2"]
[WhiteElo "2275"]
[BlackElo "2275"]

1.d4 Nf6 2.Bg5 g6 3.Nd2 Bg7 4.e3 O-O 5.Be2 h6 6.Bxf6 Bxf6 7.h4 e5 8.d5 Bxh4
9.Ngf3 Bf6 10.Rxh6 d6 11.c3 c6 12.Ne4 Bg7 13.Rh1 Qb6 14.Nfg5 Qxb2 15.Kf1 cxd5
16.Nxd6 Nc6 17.Nb5 Bf5 18.e4 Bxe4 19.Nxe4 dxe4 20.Rb1 Qxa2 21.Ra1 Qb2 22.Rb1 Qa2
23.Ra1  1/2-1/2

[Event "AUT-chT2S 9596"]
[Site "AUT"]
[Date "1995.??.??"]
[Round "?"]
[White "Insam, Heinz"]
[Black "Januschke, Markus"]
[Result "1-0"]
[WhiteElo "2275"]
[BlackElo "2190"]

1.d4 Nf6 2.Bg5 g6 3.Nd2 Bg7 4.e3 d6 5.Be2 c5 6.c3 Nbd7 7.Qb3 O-O 8.h4 Qb6
9.h5 Qxb3 10.axb3 a6 11.hxg6 hxg6 12.Bf3 Re8 13.Nc4 Rb8 14.Ne2 Nh7 15.Bf4 cxd4
16.cxd4 b5 17.Na5 e5 18.dxe5 Nxe5 19.Bc6 Nxc6 20.Nxc6 Rb6 21.Ncd4 Nf6 22.O-O Nd5
23.Bh2 Bg4 24.Nc3 Nb4 25.f3 Bd7 26.Bf4 Be5 27.Rfd1 Bxf4 28.exf4 d5 29.Re1 Rxe1+
30.Rxe1 Nd3 31.Re7 Rd6 32.f5 gxf5 33.Re2 Kg7 34.Rd2 Nb4 35.f4 Be6 36.Kf2 Kf6
37.Rd1 Rd8 38.Rh1 Nd3+ 39.Ke3 Nc5 40.b4 Ne4 41.Rh6+ Ke7 42.Nc6+ Kd7 43.Nxd8 Kxd8
44.Kd4 Nd2 45.Nxd5 Nc4 46.b3 Nd2 47.Rh3 Kd7 48.Ke5 Ne4 49.Nf6+ Nxf6 50.Kxf6 Kd6
51.Rd3+ Kc6 52.Ke5  1-0

[Event "Bad Ragaz op"]
[Site "Bad Ragaz"]
[Date "1995.??.??"]
[Round "?"]
[White "Allegro, Valery"]
[Black "Thiede, Lars"]
[Result "1-0"]
[WhiteElo "2255"]
[BlackElo "2350"]

1.d4 Nf6 2.Bg5 c5 3.d5 Ne4 4.Bf4 Qb6 5.Bc1 g6 6.f3 Qa5+ 7.c3 Nd6 8.e4 f5
9.Bf4 Qb6 10.Qb3 Nf7 11.Na3 Qf6 12.exf5 Qxf5 13.g3 Bh6 14.Bh3 Qf6 15.Ne2 Bxf4
16.Nxf4 O-O 17.O-O Kg7 18.Nb5 Na6 19.Nd3 Ng5 20.Bg2 d6 21.h4 Nf7 22.Rae1 Re8
23.Re3 Bf5 24.Nf2 Ne5 25.Ng4 c4 26.Qd1 Qf7 27.Nxe5 dxe5 28.Rxe5 Rad8 29.Qd4 Kg8
30.Qxc4 e6 31.d6 Rc8 32.Qd4 Qd7 33.Nxa7 Rcd8 34.Rd1 Nb8 35.f4 Bc2 36.Rd2 Bb1
37.b3 Bf5 38.Bf3 h5 39.Qb6 Bb1  1-0

[Event "Bad Ragaz op"]
[Site "Bad Ragaz"]
[Date "1995.??.??"]
[Round "?"]
[White "Allegro, Valery"]
[Black "Potterat, Marc"]
[Result "1-0"]
[WhiteElo "2255"]
[BlackElo "2145"]

1.d4 Nf6 2.Bg5 d5 3.Bxf6 exf6 4.c4 dxc4 5.Qa4+ Nc6 6.e3 Be6 7.Nc3 Bb4 8.Ne2 a6
9.a3 b5 10.Qc2 Ba5 11.Nf4 Bd5 12.Be2 Ne7 13.O-O Bb7 14.b3 cxb3 15.Qxb3 O-O
16.a4 b4 17.Na2 Rb8 18.Bc4 Qd7 19.Nc1 Nf5  1-0

[Event "Bad Woerishofen op"]
[Site "Bad Woerishofen"]
[Date "1995.??.??"]
[Round "2"]
[White "Zlochevskij, Alexander"]
[Black "Neumueller, Theo"]
[Result "1-0"]
[WhiteElo "2485"]
[BlackElo "2240"]

1.d4 Nf6 2.Bg5 g6 3.Bxf6 exf6 4.e3 Bg7 5.g3 d6 6.Bg2 O-O 7.Ne2 Nc6 8.O-O Re8
9.c4 Bg4 10.Nbc3 Qd7 11.Re1 Rab8 12.a3 a5 13.Qa4 Qc8 14.Nf4 Bd7 15.Nb5 b6
16.Qc2 Ne7 17.b4 axb4 18.axb4 Qd8 19.Ra7 Rc8 20.Rb7 d5 21.Qd3 Bc6 22.Ra7 Qd7
23.Nc3 dxc4 24.Qxc4 Bxg2 25.Kxg2 Qc6+ 26.Qxc6 Nxc6 27.Rb7 Nxb4 28.Ncd5 Nxd5
29.Nxd5 c5 30.Ne7+ Rxe7 31.Rxe7 cxd4 32.exd4 Rd8 33.Re8+  1-0

[Event "Hofmann Cup"]
[Site "Baden-Baden"]
[Date "1995.??.??"]
[Round "2"]
[White "Ekstroem, Roland"]
[Black "Hausrath, Daniel"]
[Result "0-1"]
[WhiteElo "2435"]
[BlackElo "2370"]

1.d4 Nf6 2.Bg5 g6 3.Nd2 Bg7 4.Ngf3 O-O 5.e3 d6 6.Be2 h6 7.Bh4 Nc6 8.h3 Qe8
9.O-O e5 10.c3 Nh7 11.Bb5 a6 12.Bxc6 Qxc6 13.e4 b5 14.a4 Bb7 15.axb5 axb5
16.Qb3 Qb6 17.dxe5 dxe5 18.Rfe1 Rfe8 19.Bg3 Nf8 20.Rxa8 Bxa8 21.Ra1 Nd7 22.Qa2 Bb7
23.b4 Ra8 24.Qb1 Ra6 25.Rxa6 Qxa6 26.Qd3 Bc6 27.Bh4 Bf8 28.g4 Qa3 29.Qc2 f6
30.Bg3 Nb6 31.Nb3 Nc4 32.Nfd2 Nxd2 33.Nxd2 Qa1+ 34.Kg2  0-1

[Event "Barbera del Valles op"]
[Site "Barbera del Valles"]
[Date "1995.??.??"]
[Round "6"]
[White "Vehi Bach, Victor Manuel"]
[Black "Baron Rodriguez, J."]
[Result "0-1"]
[WhiteElo "2445"]
[BlackElo "2245"]

1.d4 Nf6 2.Bg5 c5 3.Bxf6 gxf6 4.d5 Qb6 5.Qc1 f5 6.c4 e5 7.Nc3 d6 8.Qc2 Nd7
9.e3 Nf6 10.O-O-O Bg7 11.Nf3 Bd7 12.Nh4 e4 13.g3 h5 14.f3 O-O-O 15.Bh3 exf3
16.Bxf5 Ng4 17.Bxd7+ Kxd7 18.Nf5 Bxc3 19.bxc3 Qa6 20.Rhf1 Ne5 21.Qb3 Nxc4
22.Rxf3 Ne5 23.Rff1 c4 24.Qb1 Rc8 25.Rd2 Rc5 26.Kd1 Rb5 27.Qe4 Re8 28.Nd4 Ra5
29.Rff2 Ra3 30.Qf5+ Kc7 31.Qxh5 Qa4+ 32.Ke2 Rxc3 33.Rxf7+ Nxf7 34.Qxf7+ Kc8
35.Nf5 Rd8 36.Rb2 Rc2+ 37.Rxc2 Qxc2+ 38.Kf3 Qd1+ 39.Kf4 Qf1+ 40.Kg4 Qc1 41.Qe7 c3
42.Nxd6+ Rxd6 43.Qxd6 Qxe3 44.Kh4 Qe4+ 45.g4 c2 46.Qc5+ Kd7 47.Qc3 Kd6 48.h3 a6
49.a4 Kxd5 50.Qd2+ Kc4 51.a5 Kb3 52.Qc1 Qd4 53.Kh5 Qb2 54.Qe3+ Ka4  0-1

[Event "Baunatal op"]
[Site "Baunatal"]
[Date "1995.??.??"]
[Round "6"]
[White "Bartsch, Steffen"]
[Black "Seidel, Michael"]
[Result "1/2-1/2"]
[WhiteElo "2310"]
[BlackElo "2020"]

1.d4 Nf6 2.Bg5 c5 3.Bxf6 gxf6 4.d5 d6 5.e4 f5 6.Nd2 fxe4 7.Nxe4 Bf5 8.Qe2 Bg7
9.c3 Qb6 10.Ng3 Bg6 11.h4 h6 12.Nh3 Nd7 13.Nf4 Ne5 14.Nxg6 fxg6 15.f4 Nd7
16.O-O-O Qa5 17.Ne4 O-O-O 18.Kb1 Qa4 19.g3 Kb8 20.Bh3 Nb6 21.Qc2 Qb5 22.Qb3  1/2-1/2

[Event "Regionalliga NW9596"]
[Site "Bayern"]
[Date "1995.??.??"]
[Round "?"]
[White "Cech, Pavel"]
[Black "Hlavac, Frantisek"]
[Result "1-0"]
[WhiteElo "2375"]
[BlackElo "2115"]

1.d4 Nf6 2.Bg5 d5 3.Bxf6 exf6 4.e3 Be6 5.Bd3 c5 6.c3 Nc6 7.Nd2 c4 8.Bc2 Bd6
9.e4 O-O 10.exd5 Bxd5 11.Bxh7+ Kxh7 12.Qh5+ Kg8 13.Qxd5 Re8+ 14.Kf1 Qb6 15.Rb1 Bf4
16.Ngf3 Rac8 17.g3 Ne7 18.Qd7 Bxd2 19.Nxd2 Rcd8 20.Qa4 Qe6 21.Qxc4 Qh3+ 22.Kg1 Nd5
23.Qf1 Qh6 24.Nf3 Qh5 25.Qg2 Re2 26.c4 Ne3 27.fxe3 Rxg2+ 28.Kxg2 Qf5 29.Rbc1 Qd3
30.Rhe1 Rc8 31.Rc3 Qe4 32.Kf2 g5 33.Nd2 Qf5+ 34.Kg2 Kg7 35.e4 Qd7 36.d5 Rh8
37.Nf1 b6 38.Rf3 Qc8 39.b3 Re8 40.Ne3 Qc5 41.Ng4 Qd4 42.Nxf6 Qd2+ 43.Kf1 Rh8
44.Rf2 Qc3 45.e5 b5 46.cxb5 Qd3+ 47.Kg1 Qd4 48.Re2 Rc8 49.e6 Rc1+ 50.Kg2 g4
51.e7 Qd1 52.Nh5+ Kh7 53.Rxf7+ Kg6 54.Rg7+ Kf5 55.Rf2+ Ke4 56.e8=Q+  1-0

[Event "Regionalliga SO9495"]
[Site "Bayern"]
[Date "1995.??.??"]
[Round "1"]
[White "Kohout, Peter"]
[Black "Scheipl, Ralf"]
[Result "1-0"]
[WhiteElo "2315"]
[BlackElo "2265"]

1.d4 Nf6 2.Bg5 c5 3.Bxf6 gxf6 4.d5 d6 5.c4 Bg7 6.e3 f5 7.Nc3 Nd7 8.Nge2 Nf6
9.Ng3 O-O 10.Bd3 e6 11.O-O a6 12.Qd2 Qe7 13.Rab1 Rb8 14.a3 Ng4 15.h3 Ne5
16.Be2 Rd8 17.Rfd1 Qh4 18.b3 Bh6 19.Nh5 Ng6 20.g3 Qe7 21.dxe6 fxe6 22.b4 cxb4
23.axb4 b6 24.Qd4 Bb7 25.Nf4 Nxf4 26.exf4 e5 27.fxe5 Qxe5 28.Qd3 Re8 29.Bf3 Bg7
30.Bxb7 Rxb7 31.Nd5 b5 32.cxb5 axb5 33.Qf3 Qe4 34.Qh5 Re5 35.Nf4 Rc7 36.Qg5 Re8
37.Rbc1 Rce7 38.Nh5  1-0

[Event "Regionalliga SO9495"]
[Site "Bayern"]
[Date "1995.??.??"]
[Round "1"]
[White "Gradwohl, Manfred"]
[Black "Zenker, Ulrich"]
[Result "1/2-1/2"]
[WhiteElo "2125"]
[BlackElo "2165"]

1.d4 Nf6 2.Bg5 g6 3.Bxf6 exf6 4.e3 d5 5.Ne2 Be6 6.Nf4 Nd7 7.Bd3 Bd6 8.Qf3 c6
9.Nd2 f5 10.h3 Nf6 11.g4 fxg4 12.Nxe6 gxf3 13.Nxd8 Rxd8 14.Nxf3 O-O 15.Nd2 Nd7
16.O-O-O f5 17.f4 Nf6 18.Nf3 Ne4 19.Bxe4 fxe4 20.Ne5 Rf5 21.c3 Bxe5 22.dxe5 Kf7
23.h4 c5 24.Kd2 Ke6 25.Ke2 d4 26.cxd4 cxd4 27.Rxd4 Rxd4 28.exd4 Rxf4 29.Ke3 Kf5
30.Rh3 Rg4 31.Kf2 Ke6 32.h5 Kd5 33.hxg6 hxg6 34.Rh8 Rf4+ 35.Ke2 g5 36.Rd8+ Ke6
37.Rd6+ Ke7 38.Rg6 Rf5 39.Ke3 Kf7 40.Rd6 g4 41.Kxe4 Rf1 42.Rd7+ Kf8 43.Rc7 g3
44.Rc2 Rf2 45.Rc3 g2 46.Rg3 Rxb2 47.a4 a5 48.Kf3  1/2-1/2

[Event "Regionalliga SW9495"]
[Site "Bayern"]
[Date "1995.??.??"]
[Round "3"]
[White "Lang, Zalan Andreas"]
[Black "Folly, Gerhard"]
[Result "1-0"]
[WhiteElo "2040"]
[BlackElo "1980"]

1.d4 Nf6 2.Bg5 d5 3.Bxf6 gxf6 4.e3 c6 5.c4 Qb6 6.Qc2 Na6 7.Nc3 Bf5 8.Qd2 e6
9.cxd5 exd5 10.Nge2 Nb4 11.Ng3 Nc2+ 12.Kd1 Bg6 13.Rc1 Nb4 14.Ke1 O-O-O 15.f4 h5
16.h4 Rg8 17.Kf2 a5 18.Na4 Qc7 19.a3 Nc2 20.Rxc2 Bxc2 21.Qxc2 Bd6 22.Be2 Kb8
23.Qf5 Qe7 24.Nf1 Rde8 25.Bxh5 Rg7 26.Bf3 Ka7 27.h5 Rh8 28.g4 Rh6 29.Ng3 Rg8
30.Rc1 Re8 31.Qd3 Rhh8 32.Nf5 Qd7 33.Be2 Re4 34.Bf3 Ree8 35.Nxd6 Qxd6 36.Qc3 Qc7
37.b4 f5 38.g5 axb4 39.axb4 Ra8 40.h6  1-0

[Event "Regionalliga SW9495"]
[Site "Bayern"]
[Date "1995.??.??"]
[Round "3"]
[White "Lang, Zalan Andreas"]
[Black "Eisfeld, Klaus"]
[Result "1-0"]
[WhiteElo "2040"]
[BlackElo "2080"]

1.d4 Nf6 2.Bg5 c5 3.Nc3 cxd4 4.Qxd4 Nc6 5.Qh4 Nd5 6.Nxd5 Qa5+ 7.Nc3 Nb4 8.Rc1 d5
9.a3 Na2 10.b4 Qxa3 11.Nxa2 Qxa2 12.e4 Bd7 13.exd5 Qxd5 14.Nf3 f6 15.Bd2 e5
16.Bd3 Bc6 17.Qc4 Rd8 18.Qxd5 Bxd5 19.Bb5+ Kf7 20.c3 a6 21.Be2 g5 22.Be3 h5
23.O-O h4 24.h3 g4 25.hxg4 Be7 26.Nd2 h3 27.gxh3 Rxh3 28.f3 Rdh8 29.Bc5 Bxc5+
30.bxc5 Bc6 31.Kf2 Rh2+ 32.Ke3 Ke7 33.Nb3 Bd5 34.c4 Bc6 35.Na5 Kd7 36.Rcd1+ Kc7
37.Rd6 Rf8 38.Bd3 e4 39.fxe4 Bd7 40.Rb1 Bc8 41.Rbb6 Ra2 42.Nb3 Bxg4 43.Rxf6 Rd8
44.Rf7+ Rd7 45.Rxd7+ Bxd7 46.e5 Ra3 47.Kd4 Bc6 48.Be4 Ra2 49.e6 Re2 50.Bd5 a5
51.Nxa5 Re1 52.Bxc6 bxc6 53.Rb7+ Kc8 54.e7 Re4+ 55.Kc3 Re3+ 56.Kb4 Re1 57.Ra7 Rb1+
58.Nb3  1-0

[Event "Regionalliga NO9495"]
[Site "Bayern"]
[Date "1995.??.??"]
[Round "4"]
[White "Schatz, Werner"]
[Black "Wittmann, Karl"]
[Result "1/2-1/2"]
[WhiteElo "2030"]
[BlackElo "2015"]

1.d4 Nf6 2.Bg5 d5 3.Nd2 Bf5 4.e3 h6 5.Bxf6 exf6 6.c4 Be7 7.cxd5 Qxd5 8.Ngf3 O-O
9.Bc4 Qa5 10.O-O b5 11.Nb3 Qb6 12.Bd3 Bxd3 13.Qxd3 Nd7 14.Rfc1 Rac8 15.Qe4 Bd6
16.Rc6 Qb7 17.Rac1 Nb6 18.Nfd2 Rfe8  1/2-1/2

[Event "Regionalliga NO9495"]
[Site "Bayern"]
[Date "1995.??.??"]
[Round "6"]
[White "Bayer, Christian"]
[Black "Grosch, Hermann"]
[Result "1/2-1/2"]
[WhiteElo "2030"]
[BlackElo "1880"]

1.d4 Nf6 2.Bg5 d5 3.Bxf6 gxf6 4.e3 Bf5 5.c3 Bg7 6.Ne2 Nd7 7.Ng3 Bg6 8.Nd2 e5
9.h4 h6 10.h5 Bh7 11.Qg4 Rg8 12.Nf3 Bf8 13.Qh3 Qe7 14.O-O-O Qe6 15.Nh4 O-O-O
16.Ngf5 Kb8 17.Bd3 e4 18.Be2 Nb6 19.g4 Bxf5 20.Nxf5 a5 21.Qh2 Qc6 22.Qg1 a4
23.Kc2 Re8 24.Qf1 Re6 25.Kb1 Rh8  1/2-1/2

[Event "Belgrade Invest"]
[Site "Belgrade"]
[Date "1995.??.??"]
[Round "2"]
[White "Miladinovic, Igor"]
[Black "Leko, Peter"]
[Result "1/2-1/2"]
[WhiteElo "2555"]
[BlackElo "2605"]

1.d4 Nf6 2.Bg5 d5 3.e3 Ne4 4.Bf4 c6 5.Nd2 Nxd2 6.Qxd2 Bf5 7.Ne2 Nd7 8.f3 e6
9.g4 Bg6 10.Bg3 f6 11.h4 Nb6 12.Nf4 Bd6 13.O-O-O Bf7 14.Qh2 Qe7 15.Nd3 Bxg3
16.Qxg3 O-O-O 17.Bh3 Bg6 18.g5 Bxd3 19.Rxd3 f5 20.e4 g6 21.exf5 exf5 22.Re1 Qc7
23.Qxc7+ Kxc7 24.Re7+ Rd7 25.Re6 Rd6 26.Re7+ Rd7 27.Re6 Rd6 28.Re7+  1/2-1/2

[Event "Belgrade Minex"]
[Site "Belgrade"]
[Date "1995.??.??"]
[Round "7"]
[White "Sahovic, Dragutin"]
[Black "Shneider, Aleksandr"]
[Result "1/2-1/2"]
[WhiteElo "2450"]
[BlackElo "2530"]

1.d4 Nf6 2.Bg5 c5 3.d5 Qb6 4.Nc3 Qxb2 5.Bd2 Qb6 6.e4 d6 7.f4 Qd8 8.Qf3 e5
9.dxe6 Bxe6 10.Rb1 Be7 11.Rxb7 O-O 12.e5 dxe5 13.fxe5 Nfd7 14.Rb1 Nb6 15.Bd3 N8d7
16.Bf4 Bg5 17.Qe4 g6 18.Nf3 Bxf4 19.Qxf4 f6 20.exf6 Qxf6 21.Qxf6 Nxf6 22.Ng5 Bd7  1/2-1/2

[Event "Berliner Sommer"]
[Site "Berlin"]
[Date "1995.??.??"]
[Round "7"]
[White "Beshukov, Sergei"]
[Black "Lagunow, Alexander"]
[Result "0-1"]
[WhiteElo "2500"]
[BlackElo "2395"]

1.d4 Nf6 2.Bg5 d5 3.Bxf6 exf6 4.e3 g6 5.c4 dxc4 6.Bxc4 Bg7 7.Ne2 f5 8.Nbc3 Nd7
9.O-O O-O 10.b4 c6 11.a4 a5 12.b5 c5 13.Rc1 cxd4 14.exd4 Nb6 15.Bb3 Qd6 16.Qd3 Be6
17.d5 Rac8 18.Qg3 Qxg3 19.hxg3 Bd7 20.Rfd1 Rc5 21.d6 Be6 22.Nd5 Bxd5 23.Rxc5 Bxb3
24.Rd3 Bxa4 25.Rc7 Bxb5 26.Rb3 Nd5 27.Rxb5 Nxc7 28.dxc7 Rc8 29.Rxb7 Be5 30.Rb5 Bxc7
31.Rc5 Re8 32.Rxc7 Rxe2 33.Ra7 Ra2 34.f4 a4 35.Kh2 h6 36.Ra8+ Kg7 37.Ra6 a3
38.Kg1 Kf8 39.Ra7 Ke8 40.Kf1 Kd8 41.Kg1 Kc8 42.Kh2 Kb8 43.Ra4 Kb7 44.Ra5 Kb6
45.Ra8 Ra1 46.Ra4 Kb5 47.Ra7 Kb4 48.Rxf7 Rc1 49.Rb7+ Kc3 50.Rc7+ Kb2 51.Rb7+ Ka1
52.Rb6 a2  0-1

[Event "Berliner Sommer"]
[Site "Berlin"]
[Date "1995.??.??"]
[Round "8"]
[White "Koch, Thomas"]
[Black "Krogius, Nikolai V"]
[Result "0-1"]
[WhiteElo "2345"]
[BlackElo "2485"]

1.d4 Nf6 2.Bg5 d5 3.Bxf6 gxf6 4.e3 c5 5.c3 Qb6 6.Qb3 Nc6 7.Nf3 e6 8.Nbd2 Bd7
9.Be2 f5 10.O-O Be7 11.Rad1 c4 12.Qc2 Qc7 13.Kh1 O-O 14.Ng1 Kh8 15.Nh3 Rg8
16.Rg1 Rg7 17.Nf1 Bd6 18.Ng3 Rag8 19.Qd2 Qd8 20.Nh5 Rg6 21.g3 Qf8 22.N5f4 Rh6
23.Rg2 Ne7 24.Ng1 Ng6 25.Nh5 f6 26.e4 Ne7 27.e5 fxe5 28.dxe5 Bxe5 29.Nf3 Bg7
30.Nxg7 Qxg7 31.Bxc4 Bc6 32.Be2 e5 33.Qe3 Re6 34.Nd4 Rd6 35.Nxc6 Nxc6 36.f4 e4
37.Bc4 Rgd8 38.Rgd2 d4 39.cxd4 Nxd4 40.Be2 Qf6 41.Kg2 Kg7 42.Bh5 b6 43.Be2 a5
44.a4 Kg6 45.g4 Nxe2 46.Qxe2 Rxd2 47.Rxd2 Rxd2 48.Qxd2 fxg4 49.Kg3 Qe6 50.Qe2 h6
51.Qb5 Kf6 52.Kf2 Qd6 53.Ke1 Qb4+  0-1

[Event "Berliner Sommer"]
[Site "Berlin"]
[Date "1995.??.??"]
[Round "8"]
[White "Ionov, Sergey"]
[Black "Bagaturov, Giorgi"]
[Result "1-0"]
[WhiteElo "2525"]
[BlackElo "2465"]

1.d4 Nf6 2.Bg5 d5 3.Bxf6 exf6 4.e3 c6 5.Nd2 f5 6.g3 g6 7.Bg2 Bg7 8.Ne2 Nd7
9.O-O O-O 10.c4 dxc4 11.Nxc4 Nb6 12.Na5 Nd5 13.Qd2 h5 14.b4 h4 15.Rab1 hxg3
16.hxg3 a6 17.Rfd1 Nf6 18.Qc2 Ng4 19.d5 cxd5 20.Rxd5 Qg5 21.Nf4 Qh6 22.Rd2 Be5
23.Rbd1 g5 24.Nd5 f4 25.exf4 gxf4 26.Nc4 fxg3 27.Nxe5 gxf2+ 28.Kf1 Nxe5 29.Qc3 f6
30.Rxf2 Bg4 31.Re1 Rae8 32.Qg3 Kh8 33.Qf4 Qh4 34.Re3 Ng6 35.Rxe8  1-0

[Event "Bern op"]
[Site "Bern"]
[Date "1995.??.??"]
[Round "8"]
[White "Manievich, Victor"]
[Black "Matamoros Franco, Carlos S"]
[Result "1-0"]
[WhiteElo "2255"]
[BlackElo "2430"]

1.d4 Nf6 2.Bg5 d5 3.Nc3 Nbd7 4.g3 e6 5.Bg2 Be7 6.Nf3 b6 7.O-O Bb7 8.a4 a6
9.Ne5 O-O 10.f4 c5 11.e3 cxd4 12.exd4 Ne4 13.Nxe4 dxe4 14.Bxe7 Qxe7 15.c3 f5
16.Qb3 Nxe5 17.fxe5 Rab8 18.c4 Ba8 19.Qc3 Rbc8 20.b4 Bd5 21.c5 bxc5 22.dxc5 a5
23.Rac1 axb4 24.Qxb4 Rc6 25.Rc3 Qc7 26.Qd4 Rc8 27.Rfc1 Qa5 28.Bf1 g5 29.Bb5 f4
30.Bxc6 Rxc6 31.gxf4 gxf4 32.Qd2 Rc7 33.Qxf4 Rf7 34.Rg3+ Kf8 35.Qh6+ Ke8
36.Rg8+ Kd7 37.Rg7 Rxg7+ 38.Qxg7+ Kc6 39.Qf8  1-0